[Event "DEM U12 2019"]
[Site "Willingen GER"]
[Date "2019.06.11"]
[Round "4"]
[White "Bungarten, Jona"]
[Black "Foerster-Yialamas, Lucas"]
[Result "0-1"]
[Termination "normal"]
[Board "2"]
[WhiteElo "1642"]
[BlackElo "1981"]
[WhiteClock "00:20:28"]
[BlackClock "00:23:45"]
[PlyCount "132"]
[WhiteFideId "16223608"]
[BlackFideId "30901774"]
[EventCountry "GER"]
[EventRounds "9"]
[EventType "swiss"]
[EventDate "2019.06.08"]

1. e4 {[%clk 1:30:59]} 1... c5 {[%clk 1:30:56]} 2. d4 {[%clk 1:31:22]} 2...
cxd4 {[%clk 1:31:21]} 3. c3 {[%clk 1:31:49]} 3... dxc3 {[%clk 1:31:22]} 4. Nxc3
{[%clk 1:32:11]} 4... Nc6 {[%clk 1:31:46]} 5. Nf3 {[%clk 1:32:33]} 5... d6 {
[%clk 1:32:07]} 6. Bc4 {[%clk 1:32:56]} 6... e6 {[%clk 1:32:29]} 7. O-O { [%clk
1:32:39]} 7... Be7 {[%clk 1:32:54]} 8. Bf4 {[%clk 1:32:17]} 8... e5 { [%clk
1:32:50]} 9. Be3 {[%clk 1:32:09]} 9... Nf6 {[%clk 1:30:27]} 10. h3 { [%clk
1:30:00]} 10... O-O {[%clk 1:30:36]} 11. Qe2 {[%clk 1:30:09]} 11... Be6 { [%clk
1:30:43]} 12. Rfd1 {[%clk 1:29:06]} 12... Bxc4 {[%clk 1:29:08]} 13. Qxc4 {[%clk
1:29:25]} 13... Rc8 {[%clk 1:29:26]} 14. Qa4 {[%clk 1:27:40]} 14... Qa5 {[%clk
1:17:10]} 15. Qxa5 {[%clk 1:21:15]} 15... Nxa5 {[%clk 1:17:32]} 16. Bxa7 {[%clk
1:21:01]} 16... Nc4 {[%clk 1:17:51]} 17. Nd5 {[%clk 1:18:00]} 17... Nxd5 {[%clk
1:17:50]} 18. Rxd5 {[%clk 1:18:15]} 18... Ra8 {[%clk 1:11:08]} 19. Be3 { [%clk
1:09:06]} 19... Nxe3 {[%clk 1:11:26]} 20. fxe3 {[%clk 1:09:27]} 20... Ra4
{[%clk 1:10:24]} 21. Rb5 {[%clk 1:09:00]} 21... Rb8 {[%clk 1:10:21]} 22. b4 {
[%clk 1:07:44]} 22... Ra3 {[%clk 1:09:19]} 23. Rc1 {[%clk 1:02:55]} 23... Rxa2
{[%clk 1:06:36]} 24. Rc7 {[%clk 1:03:01]} 24... Bf8 {[%clk 1:07:02]} 25. Kf1 {
[%clk 1:01:05]} 25... Rb2 {[%clk 1:05:59]} 26. Rbxb7 {[%clk 0:55:01]} 26...
Rxb4 {[%clk 1:05:26]} 27. Rxb8 {[%clk 0:54:40]} 27... Rxb8 {[%clk 1:05:52]} 28.
Nd2 {[%clk 0:54:49]} 28... g6 {[%clk 1:04:43]} 29. Ke2 {[%clk 0:54:10]} 29...
Kg7 {[%clk 1:03:21]} 30. Nc4 {[%clk 0:53:26]} 30... Kf6 {[%clk 1:02:47]} 31.
Rc6 {[%clk 0:52:50]} 31... Ke6 {[%clk 1:02:28]} 32. g4 {[%clk 0:51:42]} 32...
Rb1 {[%clk 1:01:50]} 33. Rc8 {[%clk 0:48:23]} 33... Be7 {[%clk 1:00:49]} 34.
Rh8 {[%clk 0:48:11]} 34... d5 {[%clk 1:00:17]} 35. exd5+ {[%clk 0:47:07]} 35...
Kxd5 {[%clk 1:00:38]} 36. Nd2 {[%clk 0:47:11]} 36... Rb2 {[%clk 1:00:37]} 37.
Kd1 {[%clk 0:40:23]} 37... Bb4 {[%clk 0:56:27]} 38. Rd8+ {[%clk 0:40:36]} 38...
Ke6 {[%clk 0:56:48]} 39. Ne4 {[%clk 0:40:24]} 39... f5 {[%clk 0:48:32]} 40.
gxf5+ 40... Kxf5 {[%clk 0:46:53]} 41. Ng3+ {[%clk 0:38:15]} 41... Ke6 { [%clk
0:46:04]} 42. Ne4 {[%clk 0:37:03]} 42... Be7 {[%clk 0:45:15]} 43. Re8 { [%clk
0:34:48]} 43... Rh2 {[%clk 0:44:43]} 44. Ke1 {[%clk 0:30:55]} 44... Kf7 { [%clk
0:43:36]} 45. Ra8 {[%clk 0:29:38]} 45... Rxh3 {[%clk 0:43:52]} 46. Kf2 { [%clk
0:30:01]} 46... h6 {[%clk 0:41:02]} 47. Ra5 {[%clk 0:29:49]} 47... Rh5 { [%clk
0:40:29]} 48. Kf3 {[%clk 0:29:25]} 48... Rf5+ {[%clk 0:40:04]} 49. Kg3 { [%clk
0:29:10]} 49... h5 {[%clk 0:39:04]} 50. Ra7 {[%clk 0:27:19]} 50... h4+ { [%clk
0:36:44]} 51. Kg4 {[%clk 0:27:20]} 51... Rh5 {[%clk 0:36:56]} 52. Kh3 { [%clk
0:26:52]} 52... Ke6 {[%clk 0:34:00]} 53. Ra6+ {[%clk 0:26:28]} 53... Kf5 {[%clk
0:31:53]} 54. Nf2 {[%clk 0:26:43]} 54... Rg5 {[%clk 0:32:01]} 55. Kh2 { [%clk
0:25:52]} 55... Rg3 {[%clk 0:30:50]} 56. e4+ {[%clk 0:24:34]} 56... Kf4 { [%clk
0:28:56]} 57. Ra1 {[%clk 0:23:59]} 57... Ke3 {[%clk 0:27:19]} 58. Ra2 { [%clk
0:22:27]} 58... g5 {[%clk 0:26:18]} 59. Kh1 {[%clk 0:22:14]} 59... g4 { [%clk
0:25:38]} 60. Kh2 {[%clk 0:22:30]} 60... Bg5 {[%clk 0:24:45]} 61. Kh1 { [%clk
0:22:37]} 61... h3 {[%clk 0:24:18]} 62. Rb2 {[%clk 0:21:19]} 62... Kf4 { [%clk
0:23:49]} 63. Rb8 {[%clk 0:21:15]} 63... Rf3 {[%clk 0:23:47]} 64. Kg1 { [%clk
0:20:04]} 64... h2+ {[%clk 0:24:05]} 65. Kh1 {[%clk 0:20:30]} 65... Rxf2 {[%clk
0:23:45]} 66. Rg8 {[%clk 0:20:28]} 66... Rf3 0-1

[Event "DEM U12 2019"]
[Site "Willingen GER"]
[Date "2019.06.11"]
[Round "4"]
[White "Stork, Christopher"]
[Black "Freude, Max"]
[Result "1/2-1/2"]
[Termination "normal"]
[Board "4"]
[WhiteElo "1817"]
[BlackElo "1707"]
[WhiteClock "00:42:18"]
[BlackClock "00:08:50"]
[PlyCount "74"]
[WhiteFideId "16215400"]
[BlackFideId "16236157"]
[EventCountry "GER"]
[EventRounds "9"]
[EventType "swiss"]
[EventDate "2019.06.08"]

1. e4 {[%clk 1:30:58]} 1... e5 {[%clk 1:30:49]} 2. Nf3 {[%clk 1:31:21]} 2...
Nf6 {[%clk 1:31:13]} 3. Nc3 {[%clk 1:31:46]} 3... Bb4 {[%clk 1:31:35]} 4. Nxe5
{[%clk 1:29:41]} 4... O-O {[%clk 1:29:29]} 5. Nd3 {[%clk 1:29:37]} 5... Bxc3 {
[%clk 1:29:10]} 6. dxc3 {[%clk 1:29:54]} 6... Nxe4 {[%clk 1:28:57]} 7. Be2 {
[%clk 1:28:50]} 7... d5 {[%clk 1:27:18]} 8. O-O {[%clk 1:28:02]} 8... b6 {
[%clk 1:23:08]} 9. Be3 {[%clk 1:27:02]} 9... Bb7 {[%clk 1:21:53]} 10. Nf4 {
[%clk 1:23:48]} 10... c5 {[%clk 1:14:04]} 11. f3 {[%clk 1:14:05]} 11... Nf6 {
[%clk 1:12:22]} 12. Qd2 {[%clk 1:14:19]} 12... Qe7 {[%clk 1:08:51]} 13. Rfe1 {
[%clk 1:13:25]} 13... Rd8 {[%clk 1:05:10]} 14. Rad1 {[%clk 1:10:30]} 14... Nc6
{[%clk 1:03:14]} 15. Bf2 {[%clk 1:10:04]} 15... Qd7 {[%clk 0:57:49]} 16. c4 {
[%clk 1:06:16]} 16... dxc4 {[%clk 0:54:00]} 17. Qxd7 {[%clk 1:05:18]} 17...
Rxd7 {[%clk 0:54:09]} 18. Rxd7 {[%clk 1:03:34]} 18... Nxd7 {[%clk 0:50:06]} 19.
Bxc4 {[%clk 1:03:55]} 19... Nde5 {[%clk 0:49:28]} 20. Bd5 {[%clk 1:03:55]}
20... Rd8 {[%clk 0:48:12]} 21. Bh4 {[%clk 1:01:18]} 21... Rb8 {[%clk 0:41:37]}
22. Nh3 {[%clk 0:52:47]} 22... Ng6 {[%clk 0:35:56]} 23. Bg3 {[%clk 0:52:45]}
23... Rd8 {[%clk 0:35:19]} 24. c4 {[%clk 0:52:18]} 24... h6 {[%clk 0:33:24]}
25. f4 {[%clk 0:51:34]} 25... Ba8 {[%clk 0:31:02]} 26. f5 {[%clk 0:50:51]}
26... Nf8 {[%clk 0:27:04]} 27. b3 {[%clk 0:45:47]} 27... Nd4 {[%clk 0:24:11]}
28. Bxa8 {[%clk 0:44:56]} 28... Rxa8 {[%clk 0:24:32]} 29. f6 {[%clk 0:44:55]}
29... gxf6 {[%clk 0:18:46]} 30. Nf4 {[%clk 0:44:46]} 30... Nfe6 {[%clk 0:17:33]
} 31. Nd5 {[%clk 0:44:55]} 31... f5 {[%clk 0:17:09]} 32. Be5 {[%clk 0:44:00]}
32... Kf8 {[%clk 0:12:43]} 33. Bd6+ {[%clk 0:43:31]} 33... Kg7 {[%clk 0:12:22]}
34. Re3 {[%clk 0:43:46]} 34... f4 {[%clk 0:10:29]} 35. Nxf4 {[%clk 0:42:47]}
35... Nxf4 {[%clk 0:10:49]} 36. Bxf4 {[%clk 0:43:05]} 36... Rd8 {[%clk 0:09:38]
} 37. Kf2 {[%clk 0:42:18]} 37... Ne6 {[%clk 0:08:50]} 1/2-1/2

[Event "DEM U12 2019"]
[Site "Willingen GER"]
[Date "2019.06.11"]
[Round "4"]
[White "Hagner, Bennet"]
[Black "Schwartz, Oliver"]
[Result "1/2-1/2"]
[Termination "normal"]
[Board "5"]
[WhiteElo "1900"]
[BlackElo "1616"]
[WhiteClock "00:04:23"]
[BlackClock "00:08:20"]
[PlyCount "131"]
[WhiteFideId "16224477"]
[BlackFideId "16207459"]
[EventCountry "GER"]
[EventRounds "9"]
[EventType "swiss"]
[EventDate "2019.06.08"]

1. e4 {[%clk 1:30:58]} 1... c5 {[%clk 1:30:53]} 2. Nf3 {[%clk 1:31:25]} 2...
Nc6 {[%clk 1:31:15]} 3. d4 {[%clk 1:31:50]} 3... cxd4 {[%clk 1:31:38]} 4. Nxd4
{[%clk 1:32:16]} 4... g6 {[%clk 1:31:58]} 5. Nc3 {[%clk 1:32:21]} 5... Bg7 {
[%clk 1:31:46]} 6. Be3 {[%clk 1:32:46]} 6... Nf6 {[%clk 1:31:38]} 7. Bc4 {
[%clk 1:32:38]} 7... O-O {[%clk 1:30:57]} 8. Bb3 {[%clk 1:32:29]} 8... d6 {
[%clk 1:29:54]} 9. f3 {[%clk 1:32:40]} 9... Bd7 {[%clk 1:29:30]} 10. Qd2 {
[%clk 1:31:59]} 10... Rc8 {[%clk 1:27:20]} 11. h4 {[%clk 1:31:43]} 11... Ne5 {
[%clk 1:20:14]} 12. h5 {[%clk 1:28:36]} 12... Nc4 {[%clk 1:03:25]} 13. Bxc4 {
[%clk 1:28:45]} 13... Rxc4 {[%clk 1:03:42]} 14. hxg6 {[%clk 1:28:29]} 14...
fxg6 {[%clk 1:00:58]} 15. O-O-O {[%clk 1:22:17]} 15... a6 {[%clk 0:58:21]} 16.
Kb1 {[%clk 1:14:49]} 16... b5 {[%clk 0:55:40]} 17. Nde2 {[%clk 1:10:01]} 17...
Be6 {[%clk 0:40:41]} 18. e5 {[%clk 1:06:24]} 18... Ne8 {[%clk 0:40:24]} 19.
exd6 {[%clk 1:06:08]} 19... Qxd6 {[%clk 0:38:11]} 20. Bh6 {[%clk 0:56:48]}
20... Qxd2 {[%clk 0:36:21]} 21. Rxd2 {[%clk 0:57:11]} 21... Nd6 {[%clk 0:35:10]
} 22. Bxg7 {[%clk 0:55:06]} 22... Kxg7 {[%clk 0:35:31]} 23. Nd4 {[%clk 0:51:34]
} 23... Bg8 {[%clk 0:30:20]} 24. Re1 {[%clk 0:50:57]} 24... Re8 {[%clk 0:27:54]
} 25. Ne6+ {[%clk 0:48:48]} 25... Bxe6 {[%clk 0:23:30]} 26. Rxe6 { [%clk
0:49:08]} 26... Kf7 {[%clk 0:23:53]} 27. Rde2 {[%clk 0:49:05]} 27... a5 { [%clk
0:23:06]} 28. Kc1 {[%clk 0:46:33]} 28... Rc5 {[%clk 0:20:58]} 29. R6e5 { [%clk
0:33:19]} 29... Rxe5 {[%clk 0:17:35]} 30. Rxe5 {[%clk 0:33:36]} 30... Rb8
{[%clk 0:17:54]} 31. a4 {[%clk 0:31:49]} 31... b4 {[%clk 0:16:30]} 32. Nd5 {
[%clk 0:26:48]} 32... Rb7 {[%clk 0:15:06]} 33. b3 {[%clk 0:25:44]} 33... Nf5 {
[%clk 0:14:15]} 34. Kd2 {[%clk 0:24:40]} 34... Rd7 {[%clk 0:13:46]} 35. Ke2 {
[%clk 0:16:24]} 35... e6 {[%clk 0:08:12]} 36. Nb6 {[%clk 0:13:47]} 36... Ra7 {
[%clk 0:06:28]} 37. f4 {[%clk 0:10:10]} 37... Nd4+ {[%clk 0:05:18]} 38. Kd3 {
[%clk 0:10:17]} 38... Nc6 {[%clk 0:05:25]} 39. Rc5 {[%clk 0:09:52]} 39... Nd8 {
[%clk 0:04:50]} 40. Nc4 {[%clk 0:07:08]} 40... Kf6 {[%clk 0:04:11]} 41. Rxa5 {
[%clk 0:03:57]} 41... Rd7+ {[%clk 0:03:31]} 42. Ke4 {[%clk 0:03:25]} 42... Nc6
{[%clk 0:03:10]} 43. Rc5 {[%clk 0:02:49]} 43... Ne7 {[%clk 0:00:40]} 44. a5 {
[%clk 0:02:03]} 44... Nd5 {[%clk 0:29:33]} 45. Ne5 {[%clk 0:30:09]} 45... Rd6 {
[%clk 0:28:15]} 46. Rc6 {[%clk 0:27:30]} 46... Nc3+ {[%clk 0:26:58]} 47. Kf3 {
[%clk 0:25:53]} 47... Rd1 {[%clk 0:26:11]} 48. a6 {[%clk 0:20:36]} 48... Rf1+ {
[%clk 0:26:02]} 49. Ke3 {[%clk 0:19:37]} 49... Nd5+ {[%clk 0:24:48]} 50. Ke2 {
[%clk 0:18:19]} 50... Ra1 {[%clk 0:24:37]} 51. g3 {[%clk 0:17:42]} 51... Kf5 {
[%clk 0:23:04]} 52. Nf3 {[%clk 0:14:54]} 52... Nc3+ {[%clk 0:19:50]} 53. Kd3 {
[%clk 0:14:32]} 53... Kg4 {[%clk 0:19:34]} 54. Ng5 {[%clk 0:13:23]} 54... Kxg3
{[%clk 0:18:41]} 55. Nxh7 {[%clk 0:13:22]} 55... Kxf4 {[%clk 0:18:24]} 56. Rxe6
{[%clk 0:13:44]} 56... g5 {[%clk 0:17:24]} 57. Kc4 {[%clk 0:12:45]} 57... g4 {
[%clk 0:15:40]} 58. Kxb4 {[%clk 0:12:51]} 58... Nd5+ {[%clk 0:15:51]} 59. Kc5 {
[%clk 0:11:11]} 59... Nc7 {[%clk 0:13:54]} 60. Rf6+ {[%clk 0:11:34]} 60... Ke3
{[%clk 0:13:06]} 61. Rg6 {[%clk 0:08:07]} 61... Nxa6+ {[%clk 0:09:21]} 62. Kb6
{[%clk 0:06:46]} 62... Kf3 {[%clk 0:09:21]} 63. Ng5+ {[%clk 0:06:07]} 63... Kf4
{[%clk 0:08:49]} 64. c4 {[%clk 0:05:06]} 64... Nb4 {[%clk 0:08:47]} 65. Rg8 {
[%clk 0:05:00]} 65... Rb1 {[%clk 0:08:20]} 66. c5 {[%clk 0:04:23]} 1/2-1/2

[Event "DEM U12 2019"]
[Site "Willingen GER"]
[Date "2019.06.11"]
[Round "4"]
[White "Metzdorf, Matteo"]
[Black "Müller, Maximilian"]
[Result "1-0"]
[Termination "normal"]
[Board "6"]
[WhiteElo "1837"]
[BlackElo "1606"]
[WhiteClock "00:24:14"]
[BlackClock "00:47:28"]
[PlyCount "99"]
[WhiteFideId "16209869"]
[BlackFideId "16243552"]
[EventCountry "GER"]
[EventRounds "9"]
[EventType "swiss"]
[EventDate "2019.06.08"]

1. e4 {[%clk 1:30:57]} 1... e6 {[%clk 1:30:57]} 2. d4 {[%clk 1:31:22]} 2... d5
{[%clk 1:31:25]} 3. Nc3 {[%clk 1:31:44]} 3... Nc6 {[%clk 1:31:51]} 4. Nf3 {
[%clk 1:32:00]} 4... Nf6 {[%clk 1:32:14]} 5. e5 {[%clk 1:32:11]} 5... Ne4 {
[%clk 1:32:37]} 6. Ne2 {[%clk 1:32:13]} 6... f6 {[%clk 1:32:53]} 7. Ng3 { [%clk
1:31:55]} 7... fxe5 {[%clk 1:33:11]} 8. Bb5 {[%clk 1:31:05]} 8... Bd6 { [%clk
1:13:58]} 9. Nxe4 {[%clk 1:14:49]} 9... dxe4 {[%clk 1:14:04]} 10. Nxe5 { [%clk
1:15:00]} 10... Bxe5 {[%clk 1:13:20]} 11. Bxc6+ {[%clk 1:15:08]} 11... bxc6
{[%clk 1:13:16]} 12. Qh5+ {[%clk 1:14:39]} 12... g6 {[%clk 1:10:23]} 13. Qxe5
{[%clk 1:14:15]} 13... O-O {[%clk 1:10:46]} 14. Qxe4 {[%clk 1:01:45]} 14... Qd5
{[%clk 1:08:36]} 15. Qxd5 {[%clk 0:53:40]} 15... cxd5 {[%clk 1:08:56] } 16. Be3
{[%clk 0:53:23]} 16... Bd7 {[%clk 1:08:53]} 17. O-O-O {[%clk 0:50:59] } 17...
a5 {[%clk 1:08:03]} 18. b3 {[%clk 0:41:05]} 18... a4 {[%clk 1:07:42]} 19. h4
{[%clk 0:28:38]} 19... Be8 {[%clk 1:06:48]} 20. f4 {[%clk 0:24:05]} 20... axb3
{[%clk 1:06:54]} 21. axb3 {[%clk 0:24:25]} 21... Ra1+ { [%clk 1:04:55]} 22. Kb2
{[%clk 0:23:43]} 22... Rxd1 {[%clk 1:05:16]} 23. Rxd1 { [%clk 0:24:04]} 23...
Bd7 {[%clk 1:03:56]} 24. Ra1 {[%clk 0:23:08]} 24... c6 { [%clk 0:58:58]} 25.
Ra7 Be8 26. Bd2 {[%clk 0:21:14]} 26... Bf7 {[%clk 0:47:18]} 27. Rc7 {[%clk
0:20:49]} 27... Rb8 {[%clk 0:46:53]} 28. Rxc6 {[%clk 0:20:25]} 28... Kg7 {[%clk
0:46:53]} 29. Rc7 {[%clk 0:12:58]} 29... Kg8 {[%clk 0:43:47]} 30. Ba5 {[%clk
0:12:58]} 30... Rb5 {[%clk 0:40:22]} 31. Rc8+ {[%clk 0:11:33]} 31... Kg7 {[%clk
0:39:48]} 32. Bc7 {[%clk 0:11:46]} 32... Rb7 33. Be5+ 33... Kh6 {[%clk
0:39:38]} 34. Rc7 {[%clk 0:10:57]} 34... Rxc7 {[%clk 0:39:31]} 35. Bxc7 {[%clk
0:11:21]} 35... Kg7 36. Ka3 {[%clk 0:10:58]} 36... Kf8 { [%clk 0:38:17]} 37.
Kb4 {[%clk 0:10:13]} 37... Be8 {[%clk 0:29:47]} 38. Bd6+ { [%clk 0:10:13]}
38... Kf7 {[%clk 0:30:04]} 39. Kc5 {[%clk 0:10:16]} 39... Bd7 { [%clk 0:30:04]}
40. Kb6 {[%clk 0:10:16]} 40... Ke8 {[%clk 0:30:04]} 41. Kc7 { [%clk 0:01:22]}
41... Bb5 {[%clk 0:30:30]} 42. Bc5 {[%clk 0:28:40]} 42... Bd7 { [%clk 0:56:43]}
43. Kd6 {[%clk 0:28:03]} 43... Bc8 {[%clk 0:56:26]} 44. Bb6 { [%clk 0:25:47]}
44... Bd7 {[%clk 0:56:37]} 45. b4 {[%clk 0:24:48]} 45... Bc8 { [%clk 0:56:14]}
46. Ba5 {[%clk 0:24:34]} 46... Bd7 {[%clk 0:54:06]} 47. Bc7 { [%clk 0:24:32]}
47... Bc8 {[%clk 0:54:06]} 48. b5 {[%clk 0:24:48]} 48... Bb7 { [%clk 0:50:26]}
49. Kxe6 {[%clk 0:24:33]} 49... Kf8 {[%clk 0:47:28]} 50. Kd7 { [%clk 0:24:14]}
1-0

[Event "DEM U12 2019"]
[Site "Willingen GER"]
[Date "2019.06.11"]
[Round "4"]
[White "Fuchs, Florian"]
[Black "Heinrich, John"]
[Result "1/2-1/2"]
[Termination "normal"]
[Board "8"]
[WhiteElo "1746"]
[BlackElo "1695"]
[WhiteClock "00:03:36"]
[BlackClock "00:04:33"]
[PlyCount "72"]
[WhiteFideId "16213351"]
[BlackFideId "16259491"]
[EventCountry "GER"]
[EventRounds "9"]
[EventType "swiss"]
[EventDate "2019.06.08"]

1. e4 {[%clk 1:30:57]} 1... c5 {[%clk 1:30:45]} 2. d3 {[%clk 1:30:19]} 2... Nc6
{[%clk 1:30:01]} 3. g3 {[%clk 1:30:27]} 3... g6 {[%clk 1:28:33]} 4. Bg2 { [%clk
1:30:32]} 4... Bg7 {[%clk 1:28:39]} 5. f4 {[%clk 1:30:09]} 5... d6 { [%clk
1:27:46]} 6. Nf3 {[%clk 1:30:07]} 6... e6 {[%clk 1:26:34]} 7. O-O { [%clk
1:29:51]} 7... Nge7 {[%clk 1:26:33]} 8. c3 {[%clk 1:30:05]} 8... O-O { [%clk
1:21:06]} 9. Be3 {[%clk 1:28:43]} 9... b6 {[%clk 1:17:47]} 10. d4 { [%clk
1:25:53]} 10... Bb7 {[%clk 1:08:24]} 11. Bh3 {[%clk 0:54:54]} 11... Bc8 { [%clk
0:52:14]} 12. Qe2 {[%clk 0:40:30]} 12... Qc7 {[%clk 0:44:15]} 13. Na3 { [%clk
0:31:27]} 13... a6 {[%clk 0:39:19]} 14. Rfd1 {[%clk 0:26:48]} 14... Bd7 { [%clk
0:32:12]} 15. Rd2 {[%clk 0:25:49]} 15... Rfd8 {[%clk 0:29:26]} 16. Rad1 { [%clk
0:25:27]} 16... cxd4 {[%clk 0:22:30]} 17. cxd4 {[%clk 0:22:33]} 17... d5 {[%clk
0:22:20]} 18. e5 {[%clk 0:21:38]} 18... Rdc8 {[%clk 0:21:39]} 19. g4 { [%clk
0:20:03]} 19... Bf8 {[%clk 0:19:26]} 20. Qf2 {[%clk 0:19:14]} 20... b5 { [%clk
0:18:35]} 21. Qh4 {[%clk 0:17:36]} 21... Na5 {[%clk 0:17:33]} 22. b3 { [%clk
0:14:13]} 22... Qc3 {[%clk 0:16:54]} 23. Kf2 {[%clk 0:13:21]} 23... Nxb3 {[%clk
0:16:10]} 24. axb3 {[%clk 0:12:20]} 24... Qxb3 {[%clk 0:16:23]} 25. Nb1 {[%clk
0:10:58]} 25... a5 {[%clk 0:16:09]} 26. Rd3 {[%clk 0:06:21]} 26... Qb4 { [%clk
0:15:26]} 27. Ng5 {[%clk 0:04:49]} 27... h6 {[%clk 0:15:04]} 28. Nf3 { [%clk
0:04:41]} 28... a4 {[%clk 0:14:05]} 29. Ra3 {[%clk 0:04:57]} 29... Rc2+ { [%clk
0:14:03]} 30. Kg1 {[%clk 0:04:22]} 30... Qa5 {[%clk 0:11:07]} 31. f5 { [%clk
0:04:12]} 31... exf5 {[%clk 0:09:55]} 32. Bxh6 {[%clk 0:03:07]} 32... Nc6
{[%clk 0:03:57]} 33. Bxf8 {[%clk 0:02:46]} 33... Kxf8 {[%clk 0:04:18]} 34. Qh8+
{[%clk 0:03:05]} 34... Ke7 {[%clk 0:04:39]} 35. Qf6+ {[%clk 0:03:27]} 35... Ke8
{[%clk 0:04:33]} 36. Qh8+ {[%clk 0:03:36]} 36... Ke7 1/2-1/2

[Event "DEM U12 2019"]
[Site "Willingen GER"]
[Date "2019.06.11"]
[Round "4"]
[White "Guo, Philipp Ziming"]
[Black "Tomasjan, Samuel"]
[Result "0-1"]
[Termination "normal"]
[Board "9"]
[WhiteElo "1674"]
[BlackElo "1476"]
[WhiteClock "00:21:28"]
[BlackClock "00:21:05"]
[PlyCount "54"]
[WhiteFideId "16245199"]
[BlackFideId "16235584"]
[EventCountry "GER"]
[EventRounds "9"]
[EventType "swiss"]
[EventDate "2019.06.08"]

1. e4 {[%clk 1:30:56]} 1... e6 {[%clk 1:30:52]} 2. d4 {[%clk 1:31:17]} 2... d5
{[%clk 1:31:22]} 3. exd5 {[%clk 1:31:28]} 3... exd5 {[%clk 1:31:51]} 4. Bd3 {
[%clk 1:31:43]} 4... Bd6 {[%clk 1:30:57]} 5. Ne2 {[%clk 1:30:55]} 5... Nf6 {
[%clk 1:29:58]} 6. O-O {[%clk 1:29:27]} 6... c6 {[%clk 1:18:17]} 7. c3 { [%clk
1:25:35]} 7... Qc7 {[%clk 1:15:55]} 8. h3 {[%clk 1:17:37]} 8... Be6 { [%clk
1:15:36]} 9. Be3 {[%clk 1:15:09]} 9... Nbd7 {[%clk 1:10:11]} 10. Qd2 { [%clk
1:08:33]} 10... Rg8 {[%clk 0:49:56]} 11. Bf4 {[%clk 1:03:28]} 11... g5 { [%clk
0:38:58]} 12. Bxd6 {[%clk 1:00:44]} 12... Qxd6 {[%clk 0:38:50]} 13. Ng3 { [%clk
0:58:53]} 13... h5 {[%clk 0:37:45]} 14. Nf5 {[%clk 0:50:07]} 14... Bxf5 { [%clk
0:36:23]} 15. Bxf5 {[%clk 0:49:19]} 15... O-O-O {[%clk 0:35:38]} 16. Na3 {[%clk
0:43:38]} 16... h4 {[%clk 0:32:48]} 17. f3 {[%clk 0:42:25]} 17... Nh5 { [%clk
0:32:14]} 18. Rfe1 {[%clk 0:38:46]} 18... Ng3 {[%clk 0:30:14]} 19. Qd3 { [%clk
0:34:33]} 19... Kb8 {[%clk 0:27:38]} 20. Nc2 {[%clk 0:26:59]} 20... Nf6 { [%clk
0:25:59]} 21. Re5 {[%clk 0:24:24]} 21... Nfh5 {[%clk 0:24:02]} 22. Ne3 { [%clk
0:23:25]} 22... Nf4 {[%clk 0:23:24]} 23. Qc2 {[%clk 0:23:22]} 23... f6 { [%clk
0:22:03]} 24. Bh7 {[%clk 0:22:05]} 24... fxe5 {[%clk 0:21:11]} 25. Bxg8 { [%clk
0:22:03]} 25... Rxg8 {[%clk 0:21:40]} 26. Ng4 {[%clk 0:21:28]} 26... exd4
{[%clk 0:21:43]} 27. cxd4 {[%clk 0:21:28]} 27... Nfe2+ {[%clk 0:21:05]} 0-1